000 00196nam a22000857a 4500
008 170124b xxu||||| |||| 00| 0 eng d
100 _92551
_aChawla.A
245 _aMachines
260 _aNew Delhi
_bDP2010
999 _c5649
_d5649